Online logo turtle Quiz Stats

 Plays Quiz not verified by Sporcle

Score 0/9 Timer 02:00
0 Plays Today
Commands What you type in % Correct
Go forwardFd
100%
Go backbk
100%
Turn right (Don't worry about angle)rt
100%
Turn left (Don't worry about angle)lt
100%
Clear Turtlect
66.7%
Clear screencs
66.7%
Pen downpd
50%
Repeatrepeat []
33.3%
Change pen colour (Don't worry about pen colour number)pc
33.3%

You're not logged in!

Compare scores with friends on all Sporcle quizzes.
OR
Log In

You Might Also Like...

Show Comments

Extras

Created Mar 22, 2013ReportNominate
Tags:Logo Quiz, command, online, turtle

Top Quizzes Today


Score Distribution

Your Account Isn't Verified!

In order to create a playlist on Sporcle, you need to verify the email address you used during registration. Go to your Sporcle Settings to finish the process.

Report this User

Report this user for behavior that violates our Community Guidelines.

Details: